ENVIRONMENTAL impact statement for the Lebir Dam Project in Malaysia

Bibliographic Details
Format: Book
Published: Japan : Japan International Cooperation Agency , 1988
Subjects:

MARC

LEADER 00000cam a2200000 7i4500
001 0000002665
005 20030930.0
090 0 0 |a 333.9114   |b ENV 1988 
245 0 0 |a ENVIRONMENTAL impact statement for the Lebir Dam Project in Malaysia 
260 0 0 |a Japan :   |b Japan International Cooperation Agency ,   |c 1988 
300 |a Various pagings :   |b ill., maps ;   |c 30 cm. 
650 0 0 |a Environmental impact statements   |z Kelantan   |z Malaysia 
998 |a JPSM 
999 |a 0000000466   |b Monograph   |c Open Shelf   |e Default branch